000 01262nam a2200265Ia 4500
999 _c3968
_d3968
003 OSt
005 20200402130628.0
008 191128s2009 ck a ar 000 j spa d
020 _a9789581414475
040 _aCO-JMCR
_cCO-JMCR
041 0 _aspa
082 0 4 _aC /
_bCONa
100 1 _aConcha, Berta Inés,
_eautora
_92439
245 1 0 _aAdivinacuentos /
_cBerta Inés Concha ; ilustraciones Virginia Donoso
250 _aPrimera edición
260 _aBogotá :
_bPlaza & Janés,
_c2015
300 _a39 páginas :
_bilustraciones a color ;
_c23 cm.
490 0 _aLeer es mi cuento
505 _aLa sirenita -- El patito feo -- Hansel y Gretel -- Los tres chanchitos -- Pinocho -- El soldadito de plomo -- Ricitos de oro -- Pulgarcito -- Caperucita roja -- El gigante egoísta -- Los músicos de Bremen -- La bella durmiente
520 0 _aLos cuentos son como las personas: te dicen algunas cosas en voz alta y otras te las enseñan sin palabras, porque te invitan a descubrirlas o a imaginarlas. Entonces, si se conocen bien los cuentos, puedes daarte el lujo de jugar con ellos.
521 _aRecomendado de 6 a 8 años.
650 _aAdivinanzas infantiles
_xcuentos
_92440
700 _aDonoso, Virginia,
_eilustradora
_92441
942 _2ddc
_cBK